Ciudades de Sudamérica en un Mapa - Estadísticas

Estadísticas generales
  • Esta prueba ha sido intentada 2.767 veces
  • La puntuación promedio es 17 de 25
Respuestas en el mapa
Las respuestas están codificadas por una escala verde-roja en el mapa de la prueba según el % correcto abajo.
 
Estadísticas de respuestas
Ciudad % Correcto
Buenos Aires
99%
Bogotá
97%
Lima
97%
Santiago
97%
Brasilia
96%
Caracas
94%
Quito
94%
Río de Janeiro
93%
La Paz
92%
São Paulo
90%
Medellín
84%
Córdoba
73%
Cali
68%
Barranquilla
61%
Georgetown
61%
Guayaquil
60%
Cusco
56%
Fortaleza
43%
Ushuaia
43%
Salvador
38%
Santa Cruz
37%
Belém
33%
Cayena
31%
Stanley
26%
São Luís
18%
No se encontraron pruebas coincidentes
Distribución de puntuación
Porcentaje de gente con cada puntuación
Porcentaje por número respondido
Historial de tus puntuaciones
No has intentado esta prueba.